| 000 | 00654cam a2200193 i 4500 | ||
|---|---|---|---|
| 005 | 20251109114203.0 | ||
| 008 | 250721s2000 jo gr 000 0 ara d | ||
| 082 | 1 | 4 |
_a155.4 _bق ط ا |
| 100 | 1 |
_aقطامي، يوسف _eمؤلف. |
|
| 245 | 1 | 0 |
_aنمو الطفل المعرفي واللغوي / _cدكتور يوسف قطامي. |
| 250 | _aالطبعة الأولى. | ||
| 264 | 3 | 1 |
_aعمان : _bالأهلية للنشر و التوزيع، _c2000. |
| 300 | _a539 صفحة. | ||
| 650 | 1 | 7 | _aالنمو المعرفي. |
| 650 | 1 | 7 | _aالنمو اللغوي. |
| 650 | 1 | 7 | _aنمو الطفل. |
| 942 |
_2ddc _cBK |
||
| 999 |
_c34662 _d34662 |
||